| 000 | 00690cam a2200241I 4500 | ||
|---|---|---|---|
| 001 | 14392 | ||
| 003 | BD-RjUL | ||
| 005 | 20211208235623.0 | ||
| 008 | 140205s1962 E eng u | ||
| 035 | _a(BD-RjUL)14444 | ||
| 040 |
_cBD-RjUL _dm.c. _dBOS _aBD-RjUL _beng |
||
| 041 | _aeng | ||
| 082 |
_223 _a599.80 _bHIP 1962 |
||
| 100 | 1 |
_aHill, William Charles Osman. _944901 |
|
| 245 | 1 | 0 |
_aPrimates, _bcomparative anatomy and taxonomy. |
| 260 |
_aEdinburgh : _bUniversity Press, _c1953-64 |
||
| 300 |
_av. : _bill. ; _c27 cm. |
||
| 490 | 1 | _a. | |
| 504 | _aBibliography: v. 1, p. 761-776. | ||
| 505 | _aVol. 2 -- V. 3 -- V. 4 -- V 5 -- | ||
| 650 | 0 |
_aPrimates. _944902 |
|
| 942 |
_2ddc _cBK |
||
| 999 |
_c14392 _d14392 |
||